Perspektiven der bundesstaatlichen Raumplanungspolitik in der Europäischen Union : das Beispiel Bundesrepublik Deutschland /

Saved in:
நூற்பட்டியல் விவரங்கள்
தலைமை எழுத்தாளர்: Krautzberger, Michael.
மற்ற எழுத்தாளர்கள்: Selke, Welf.
வடிவம்: புத்தகம்
மொழி:German
வெளியீடப்பட்டது: Wien : Institut zur Erforschung von Methoden und Auswirkungen der Raumplanung der Ludwig Boltzmann-Gesellschaft, Technische Universität Wien, c1996.
தொகுதி:Stadt und Region ; Bd. 5.
பகுதிகள்:
குறியீடுகள்: குறிச்சொல் இணை
குறியீடுகள் இல்லை, இந்த குறிச்சொல்லை முதலில் பதிவு செய்யுங்கள்!
LEADER 00846nam a2200205 a 4500
001 007741771-2
005 20020606104010.5
008 980319s1996 au ab 000|0 ger d
035 0 |a ocm43061117 
100 1 |a Krautzberger, Michael. 
245 1 0 |a Perspektiven der bundesstaatlichen Raumplanungspolitik in der Europäischen Union :  |b das Beispiel Bundesrepublik Deutschland /  |c Michael Krautzberger, Welf Selke. 
260 |a Wien :  |b Institut zur Erforschung von Methoden und Auswirkungen der Raumplanung der Ludwig Boltzmann-Gesellschaft, Technische Universität Wien,  |c c1996. 
300 |a 91 p. :  |b ill., maps (some col.) ;  |c 24 cm. 
490 1 |a Stadt und Region ;  |v Bd. 5 
650 0 |a Regional planning  |z Germany. 
610 2 0 |a European Union  |z Germany. 
700 1 |a Selke, Welf. 
830 0 |a Stadt und Region ;  |v Bd. 5. 
988 |a 20020608 
906 |0 MH